Alle Teams der NBA - Statistiken

Allgemein
  • Dieses Quiz wurde 81 mal gespielt
  • Das Durchschnittsergebnis liegt bei 20 aus 30
Antwortstatistiken
Antwort % Korrekt
Lakers
90%
Celtics
85%
Mavericks
81%
Bulls
80%
Knicks
80%
Nets
80%
Warriors
80%
Clippers
76%
Hornets
75%
Raptors
75%
Pistons
73%
Spurs
73%
Nuggets
71%
Kings
69%
Timberwolves
69%
Cavaliers
66%
Pelicans
66%
76ers
64%
Rockets
64%
Grizzlies
61%
Jazz
61%
Suns
59%
Pacers
58%
Hawks
56%
Trail Blazers
56%
Wizards
56%
Heat
51%
Magics
46%
Bucks
31%
City Thunders
12%
Keine übereinstimmenden Quizze gefunden
Verteilung der Resultate
Anzahl Personen mit jedem Resultat
Perzentil nach korrekt beantworteten Fragen
Ihre Resultats-Entwicklung
Sie haben dieses Quiz noch nicht gespielt